[Event "CRO-chT1B 29th"]
[Site "Mali Losinj"]
[Date "2021.10.03"]
[Round "11.1"]
[White "Skuhala, Jernej"]
[Black "Szabo, Bence"]
[Result "1/2-1/2"]
[WhiteElo "2351"]
[BlackElo "2359"]
[PlyCount "32"]
[EventDate "2021.09.25"]
[EventType "team-tourn"]
[EventRounds "11"]
[EventCountry "CRO"]
[SourceTitle "CBM 204 Extra"]
[Source "ChessBase"]
[SourceDate "2021.11.30"]
[SourceVersion "1"]
[SourceVersionDate "2021.11.30"]
[SourceQuality "1"]
[WhiteTeam "Mihovljan Sloboda"]
[BlackTeam "Bjelovar"]
[WhiteTeamCountry "CRO"]
[BlackTeamCountry "CRO"]

1. e4 c5 2. Nf3 d6 3. d4 cxd4 4. Nxd4 Nf6 5. Nc3 g6 6. Be3 Bg7 7. f3 0-0 8. Qd2 Nc6 9. Bc4 Bd7 10. Bb3 Rc8 11. 0-0-0 Nxd4 12. Bxd4 b5 13. h4 a5 14. h5 a4 15. Bxf6 Bxf6 16. hxg6 e6 1/2-1/2

[Event "Pfalz op-A 11th"]
[Site "Neustadt an der Weinstrasse"]
[Date "2020.02.25"]
[Round "8"]
[White "Solodovnichenko, Yuri"]
[Black "Szabo, Bence"]
[Result "1-0"]
[WhiteElo "2567"]
[BlackElo "2355"]
[PlyCount "105"]
[EventDate "2020.02.21"]
[EventType "swiss"]
[EventRounds "9"]
[EventCountry "GER"]
[SourceTitle "CBM 195 Extra"]
[Source "ChessBase"]
[SourceDate "2020.05.31"]
[SourceVersion "1"]
[SourceVersionDate "2020.05.31"]
[SourceQuality "1"]

1. e4 c5 2. Nf3 d6 3. d4 cxd4 4. Nxd4 Nf6 5. Nc3 a6 6. Be3 e5 7. Nb3 Be6 8. Qd2 Nbd7 9. 0-0-0 b5 10. f3 Rc8 11. Kb1 Nb6 12. Qf2 Nfd7 13. Nd5 Nxd5 14. exd5 Bf5 15. Bd3 Bxd3 16. Rxd3 Be7 17. Qd2 0-0 18. Na5 e4 19. fxe4 Ne5 20. Rc3 Bf6 21. Rxc8 Qxc8 22. Bd4 Re8 23. Re1 h6 24. h3 Bh4 25. Re2 Ng6 26. Nc6 Bg5 27. Qc3 Nf4 28. Rf2 Qd7 29. a3 Rxe4 30. Qf3 Re1+ 31. Ka2 Ng6 32. Qc3 Re4 33. b3 f5 34. g3 Qf7 35. h4 Be7 36. h5 Nf8 37. g4 f4 38. Qf3 Re1 39. Qxf4 Qxf4 40. Nxe7+ Rxe7 41. Rxf4 Nh7 42. Kb2 Ng5 43. c4 bxc4 44. bxc4 Nh3 45. Rf3 Re4 46. Kc3 Ng5 47. Rg3 Kf7 48. Be3 Kf6 49. Kd3 Ke5 50. Bxg5 Rd4+ 51. Kc3 hxg5 52. Re3+ Re4 53. Kd3 1-0

[Event "Pfalz op-A 11th"]
[Site "Neustadt an der Weinstrasse"]
[Date "2020.02.24"]
[Round "7"]
[White "Szabo, Bence"]
[Black "Trifan, Andrei Ioan"]
[Result "1-0"]
[WhiteElo "2355"]
[BlackElo "2253"]
[PlyCount "87"]
[EventDate "2020.02.21"]
[EventType "swiss"]
[EventRounds "9"]
[EventCountry "GER"]
[SourceTitle "CBM 195 Extra"]
[Source "ChessBase"]
[SourceDate "2020.05.31"]
[SourceVersion "1"]
[SourceVersionDate "2020.05.31"]
[SourceQuality "1"]

1. Nf3 g6 2. e4 c5 3. c4 Bg7 4. d4 cxd4 5. Nxd4 Nf6 6. Nc3 d6 7. Be2 0-0 8. Be3 Nc6 9. 0-0 Bd7 10. Qd2 Nxd4 11. Bxd4 Bc6 12. Bd3 a5 13. Rfe1 Nd7 14. Bxg7 Kxg7 15. Re3 Nc5 16. Rae1 e6 17. Bf1 Qe7 18. Rh3 f5 19. e5 Rad8 20. exd6 Rxd6 21. Nd5 Bxd5 22. Qd4+ Kg8 23. Qxc5 b6 24. Qa3 Be4 25. Rhe3 Re8 26. f3 Bb7 27. c5 bxc5 28. Qxa5 f4 29. Re5 Bd5 30. b3 Rd7 31. Bb5 Ra8 32. Qc3 Rdd8 33. a4 Rab8 34. Qc1 Qf8 35. Bc4 Rb4 36. a5 Ra8 37. Rxd5 Rxc4 38. Qxc4 exd5 39. Qxd5+ Kh8 40. Qe5+ Kg8 41. Qc3 Qd8 42. Qxc5 Qd2 43. Ra1 Re8 44. Qc1 1-0

[Event "HUN-chT 1920"]
[Site "Hungary"]
[Date "2019.11.16"]
[Round "1.7"]
[White "Szabo, Bence"]
[Black "Aczel, Gergely"]
[Result "1/2-1/2"]
[WhiteElo "2353"]
[BlackElo "2515"]
[PlyCount "178"]
[EventDate "2019.11.16"]
[EventType "team-tourn"]
[EventRounds "9"]
[EventCountry "HUN"]
[SourceTitle "CBM 193 Extra"]
[Source "ChessBase"]
[SourceDate "2020.01.31"]
[SourceVersion "1"]
[SourceVersionDate "2020.01.31"]
[SourceQuality "1"]
[WhiteTeam "Kobanya Aquarena"]
[BlackTeam "Aquaprofit"]
[WhiteTeamCountry "HUN"]
[BlackTeamCountry "HUN"]

1. d4 Nf6 2. c4 e6 3. Nc3 Bb4 4. g3 0-0 5. Bg2 d5 6. Nf3 dxc4 7. 0-0 Nbd7 8. Qc2 h6 9. Rd1 Rb8 10. Ne5 Nxe5 11. dxe5 Nd7 12. Ne4 Be7 13. Be3 b6 14. Qxc4 Nxe5 15. Qc3 Bd6 16. Bf4 f6 17. Nxd6 cxd6 18. Qa3 d5 19. Qxa7 Bd7 20. Qa3 Rc8 21. b3 Rc2 22. Rd2 Rxd2 23. Bxd2 Bb5 24. Re1 d4 25. Qb4 Qd7 26. Bf4 Ng6 27. a4 Bc6 28. Bxc6 Qxc6 29. Qxd4 e5 30. Qd3 Nxf4 31. gxf4 exf4 32. Rd1 Re8 33. Rd2 Re5 34. Qd8+ Kh7 35. Qd3+ f5 36. f3 Qg6+ 37. Kh1 Qg5 38. Qd8 Qxd8 39. Rxd8 Re3 40. Rd3 Rxe2 41. Rd6 b5 42. axb5 Re5 43. Rd4 Rxb5 44. Rxf4 g5 45. Rc4 Rxb3 46. Kg2 Rb2+ 47. Kg1 Kg6 48. Rc6+ Kg7 49. Rc7+ Kf6 50. Rc6+ Kg7 51. Rc7+ Kg6 52. Rc6+ Kh5 53. Rf6 f4 54. Rc6 Rb1+ 55. Kg2 Rb2+ 56. Kg1 Rb8 57. Kg2 Rg8 58. Rc2 Kh4 59. Rc6 Kh5 60. Rc2 Rg6 61. Ra2 Rb6 62. Rc2 Kh4 63. Ra2 h5 64. h3 Rb3 65. Rc2 Ra3 66. Rb2 Ra8 67. Rc2 Rd8 68. Rb2 Rd3 69. Rc2 Ra3 70. Rb2 g4 71. hxg4 hxg4 72. fxg4 Kxg4 73. Rc2 Rg3+ 74. Kf2 Rh3 75. Rc8 Rh2+ 76. Kg1 Re2 77. Rc3 Re3 78. Rc2 Kg3 79. Rg2+ Kf3 80. Rf2+ Ke4 81. Ra2 Kf3 82. Rf2+ Kg4 83. Ra2 Rh3 84. Rg2+ Kf3 85. Ra2 Kg3 86. Rg2+ Kh4 87. Ra2 Rg3+ 88. Kf2 Kg4 89. Ra8 Re3 1/2-1/2

[Event "Spilimbergo op 17th"]
[Site "Spilimbergo"]
[Date "2019.08.10"]
[Round "2"]
[White "Szabo, Bence"]
[Black "Brunello, Sabino"]
[Result "0-1"]
[WhiteElo "2355"]
[BlackElo "2556"]
[PlyCount "100"]
[EventDate "2019.08.09"]
[EventType "swiss"]
[EventRounds "9"]
[EventCountry "ITA"]
[SourceTitle "CBM 191 Extra"]
[Source "ChessBase"]
[SourceDate "2019.09.30"]
[SourceVersion "1"]
[SourceVersionDate "2019.09.30"]
[SourceQuality "1"]

1. Nf3 d5 2. c4 e6 3. g3 Nf6 4. Bg2 Be7 5. 0-0 0-0 6. b3 b6 7. Bb2 Bb7 8. e3 c5 9. Nc3 Qc8 10. cxd5 Nxd5 11. Nxd5 Bxd5 12. d4 Nd7 13. Qe2 Qb7 14. Rfd1 Rfd8 15. Ne1 Bxg2 16. Nxg2 cxd4 17. Bxd4 Bf6 18. Bxf6 Nxf6 19. Rxd8+ Rxd8 20. Rd1 Rc8 21. Ne1 h6 22. Rd4 Rc1 23. Rd8+ Kh7 24. Rd1 Rc7 25. Rd4 g5 26. Qf3 Qxf3 27. Nxf3 Kg7 28. Kg2 Rc1 29. Rc4 Rxc4 30. bxc4 Ne4 31. Ne5 Nc3 32. a3 Nb1 33. a4 Nc3 34. a5 bxa5 35. c5 a4 36. c6 Nd5 37. e4 Ne7 38. c7 a3 39. Nc6 Nc8 40. Nb4 Kf6 41. f4 gxf4 42. gxf4 Ke7 43. Kg3 Kd7 44. Kh4 Ne7 45. Kh5 Ng8 46. f5 exf5 47. exf5 Kxc7 48. Kg4 Kd6 49. Kf4 Nf6 50. Na2 Kd5 0-1

[Event "HUN-chT 1819"]
[Site "Hungary"]
[Date "2019.04.27"]
[Round "8.1"]
[White "Acs, Peter"]
[Black "Szabo, Bence"]
[Result "1-0"]
[WhiteElo "2594"]
[BlackElo "2373"]
[PlyCount "75"]
[EventDate "2018.11.17"]
[EventType "team-tourn"]
[EventRounds "9"]
[EventCountry "HUN"]
[SourceTitle "CBM 190 Extra"]
[Source "ChessBase"]
[SourceDate "2019.07.15"]
[SourceVersion "1"]
[SourceVersionDate "2019.07.15"]
[SourceQuality "1"]
[WhiteTeam "Paks"]
[BlackTeam "Kobanya Aquarena"]
[WhiteTeamCountry "HUN"]
[BlackTeamCountry "HUN"]

1. e4 c6 2. d4 d5 3. Nc3 dxe4 4. Nxe4 Bf5 5. Ng3 Bg6 6. Nf3 Nd7 7. h4 h6 8. h5 Bh7 9. Bd3 Bxd3 10. Qxd3 e6 11. Bf4 Qa5+ 12. Bd2 Bb4 13. c3 Be7 14. 0-0 Ngf6 15. c4 Qc7 16. Rfe1 0-0 17. Nf5 exf5 18. Rxe7 Qd8 19. Re3 Ne4 20. Be1 Ndf6 21. Nh4 f4 22. Re2 Nxh5 23. Nf5 Ng5 24. f3 Re8 25. Rxe8+ Qxe8 26. Bf2 Rd8 27. Re1 Qf8 28. d5 cxd5 29. cxd5 Nf6 30. Ne7+ Kh8 31. Bc5 Rxd5 32. Qxd5 Nxd5 33. Ng6+ fxg6 34. Bxf8 Kg8 35. Bd6 Nf7 36. Bb8 a6 37. Rd1 Nb4 38. Bxf4 1-0

[Event "Marmaris Karya 5th"]
[Site "Marmaris"]
[Date "2019.03.13"]
[Round "10.5"]
[White "Szabo, Bence"]
[Black "Ozkan, Taha"]
[Result "0-1"]
[WhiteElo "2376"]
[BlackElo "2019"]
[PlyCount "86"]
[EventDate "2019.03.09"]
[EventType "schev"]
[EventRounds "10"]
[EventCountry "TUR"]
[SourceTitle "CBM 189 Extra"]
[Source "ChessBase"]
[SourceDate "2019.06.03"]
[SourceVersion "1"]
[SourceVersionDate "2019.06.03"]
[SourceQuality "1"]
[WhiteTeam "Blue Team"]
[BlackTeam "Red Team"]
[WhiteTeamCountry "TUR"]
[BlackTeamCountry "TUR"]

1. c4 c6 2. d4 d5 3. Nc3 dxc4 4. a4 e5 5. Nf3 exd4 6. Nxd4 Bc5 7. e3 Bxd4 8. exd4 Be6 9. Be2 Nf6 10. 0-0 0-0 11. a5 Nbd7 12. Bg5 Qc7 13. Qd2 b5 14. Rfe1 a6 15. Bf3 Nd5 16. Ne2 Rfe8 17. Rec1 Rac8 18. Ra3 f6 19. Bh4 Bf7 20. Ng3 Bg6 21. Nf1 Qb7 22. Bg3 Nf8 23. h4 Rcd8 24. Ne3 h6 25. Re1 Qf7 26. Bd1 Be4 27. Nf1 Bd3 28. Nh2 Rxe1+ 29. Qxe1 Re8 30. Qd2 Qe7 31. Nf3 Qe4 32. h5 Ne6 33. Kh2 Nxd4 34. Nh4 Nf5 35. Bf3 Qe1 36. Rxd3 cxd3 37. Qxd3 Nxh4 38. Bxh4 Qe6 39. Bg3 f5 40. Qd2 Nf6 41. Bd1 Ne4 42. Qe3 Nxg3 43. Bb3 Nf1+ 0-1

[Event "Marmaris Karya 5th"]
[Site "Marmaris"]
[Date "2019.03.10"]
[Round "4.1"]
[White "Szabo, Bence"]
[Black "Tanriverdi, Enes"]
[Result "0-1"]
[WhiteElo "2376"]
[BlackElo "2310"]
[PlyCount "118"]
[EventDate "2019.03.09"]
[EventType "schev"]
[EventRounds "10"]
[EventCountry "TUR"]
[SourceTitle "CBM 189 Extra"]
[Source "ChessBase"]
[SourceDate "2019.06.03"]
[SourceVersion "1"]
[SourceVersionDate "2019.06.03"]
[SourceQuality "1"]
[WhiteTeam "Blue Team"]
[BlackTeam "Red Team"]
[WhiteTeamCountry "TUR"]
[BlackTeamCountry "TUR"]

1. Nf3 Nf6 2. c4 g6 3. Nc3 Bg7 4. g3 0-0 5. Bg2 d6 6. d4 Nbd7 7. 0-0 e5 8. e4 c6 9. h3 Re8 10. Re1 a6 11. Be3 b5 12. a3 exd4 13. Nxd4 Bb7 14. cxb5 axb5 15. Nde2 Ne5 16. b3 c5 17. Rb1 b4 18. axb4 cxb4 19. Nd5 Nxd5 20. exd5 Ba6 21. Qd2 Nd3 22. Red1 Qf6 23. Nf4 Nxf4 24. Bxf4 Re2 25. Qxb4 g5 26. Be3 Re8 27. Bd4 Qf5 28. Qb6 Bd3 29. Rbc1 Bc2 30. Rf1 Be4 31. Bxe4 R2xe4 32. Bxg7 Kxg7 33. Kh2 Qe5 34. Rcd1 h5 35. Rd3 h4 36. Rg1 Kh7 37. Qc7 Qf5 38. Rg2 Re2 39. Qc3 Rxf2 40. Re3 hxg3+ 41. Rexg3 Ree2 42. Qd4 Rxg2+ 43. Rxg2 Re4 44. Qf2 Qxd5 45. Qg3 f6 46. Rf2 Kg6 47. Qc3 Qe5+ 48. Qxe5 dxe5 49. Rb2 Rb4 50. Kg3 f5 51. Kf3 Kf6 52. Ke3 e4 53. Kd2 Ke5 54. Kc3 Rb8 55. b4 f4 56. b5 f3 57. b6 Rb7 58. Kc4 Kf4 59. Kd5 e3 0-1

[Event "HUN-chT 1819"]
[Site "Hungary"]
[Date "2019.01.27"]
[Round "4.4"]
[White "Szabo, Bence"]
[Black "Meszaros, Tamas"]
[Result "1/2-1/2"]
[WhiteElo "2373"]
[BlackElo "2391"]
[PlyCount "41"]
[EventDate "2018.11.17"]
[EventType "team-tourn"]
[EventRounds "9"]
[EventCountry "HUN"]
[SourceTitle "CBM 188 Extra"]
[Source "ChessBase"]
[SourceDate "2019.02.26"]
[SourceVersion "1"]
[SourceVersionDate "2019.02.26"]
[SourceQuality "1"]
[WhiteTeam "Kobanya Aquarena"]
[BlackTeam "Csuti Hydro"]
[WhiteTeamCountry "HUN"]
[BlackTeamCountry "HUN"]

1. Nf3 Nf6 2. c4 e6 3. g3 d5 4. Bg2 dxc4 5. Qa4+ c6 6. Qxc4 b5 7. Qc2 Bb7 8. Nc3 Nbd7 9. 0-0 a6 10. a4 Rc8 11. d3 Be7 12. e4 0-0 13. b3 Qb6 14. Be3 c5 15. Rfc1 Bc6 16. axb5 axb5 17. b4 Qb8 18. bxc5 Nxc5 19. Ne2 Bd7 20. Qb1 b4 21. Bf4 1/2-1/2

[Event "SVK-chT1W 1819"]
[Site "Slovakia"]
[Date "2019.01.12"]
[Round "5.2"]
[White "Szabo, Bence"]
[Black "Farkas, Gabor"]
[Result "1-0"]
[WhiteElo "2373"]
[BlackElo "2368"]
[PlyCount "65"]
[EventDate "2018.10.27"]
[EventType "team-tourn"]
[EventRounds "11"]
[EventCountry "SVK"]
[SourceTitle "CBM 188 Extra"]
[Source "ChessBase"]
[SourceDate "2019.02.26"]
[SourceVersion "1"]
[SourceVersionDate "2019.02.26"]
[SourceQuality "1"]
[WhiteTeam "Dunajska Streda"]
[BlackTeam "Gabcikovo MSK"]
[WhiteTeamCountry "SVK"]
[BlackTeamCountry "SVK"]

1. Nf3 d5 2. c4 c6 3. e3 Nf6 4. Nc3 e6 5. b3 Nbd7 6. Bb2 Bd6 7. Qc2 0-0 8. Rg1 e5 9. cxd5 cxd5 10. Nb5 Qe7 11. g4 Ne4 12. Nc7 Bxc7 13. Qxc7 Re8 14. Rc1 d4 15. Be2 Nec5 16. Rg3 b6 17. exd4 exd4 18. Nxd4 Bb7 19. Re3 Qf6 20. Rc2 Rec8 21. Qg3 Ne4 22. Rxc8+ Rxc8 23. Qf3 Qd6 24. Qf5 Qxh2 25. Bf1 g6 26. Qf3 Ne5 27. Qg2 Qf4 28. Ne2 Qf6 29. Nc3 Ng5 30. Qg3 Nef3+ 31. Kd1 Rd8 32. Kc1 Nxd2 33. Nd5 1-0

[Event "HUN-chT 1718"]
[Site "Hungary"]
[Date "2018.05.05"]
[Round "8.5"]
[White "Szabo, Bence"]
[Black "Antal, Gergely"]
[Result "1/2-1/2"]
[WhiteElo "2369"]
[BlackElo "2525"]
[PlyCount "81"]
[EventDate "2017.11.25"]
[EventType "team-tourn"]
[EventRounds "9"]
[EventCountry "HUN"]
[SourceTitle "EXT 2019"]
[Source "ChessBase"]
[SourceDate "2018.10.10"]
[SourceVersion "1"]
[SourceVersionDate "2018.10.10"]
[SourceQuality "1"]
[WhiteTeam "Kobanya Aquarena"]
[BlackTeam "DVTK"]
[WhiteTeamCountry "HUN"]
[BlackTeamCountry "HUN"]

1. c4 c5 2. Nf3 Nf6 3. Nc3 d5 4. cxd5 Nxd5 5. d4 Nxc3 6. bxc3 g6 7. e3 Bg7 8. Bd3 0-0 9. 0-0 Nc6 10. Ba3 cxd4 11. cxd4 Be6 12. Ng5 Bd7 13. Ne4 Bf5 14. Rb1 b6 15. Ng3 Bxd3 16. Qxd3 Qd7 17. Ne2 Rfd8 18. Rbc1 Rac8 19. Rfd1 e6 20. Qb5 Rc7 21. Ng3 Na5 22. Qxd7 Rdxd7 23. Rxc7 Rxc7 24. Rc1 Rxc1+ 25. Bxc1 f5 26. Kf1 Kf7 27. Ke2 Nc6 28. Kd3 b5 29. Bd2 e5 30. Ne2 exd4 31. exd4 a6 32. Bc3 Ne7 33. d5 Nxd5 34. Bxg7 Kxg7 35. Kd4 Nb4 36. Nc1 Nc2+ 37. Kc5 Kf6 38. Kb6 Ke5 39. Kxa6 b4 40. Kb5 Kd4 41. Ne2+ 1/2-1/2

[Event "Titled Tuesday intern op 3rd April"]
[Site "Chess.com INT"]
[Date "2018.04.03"]
[Round "3"]
[White "Janaszak, Dawid"]
[Black "Szabo, Bence"]
[Result "1-0"]
[WhiteElo "2360"]
[BlackElo "2361"]
[PlyCount "123"]
[EventDate "2018.04.03"]
[EventType "swiss (blitz)"]
[EventRounds "10"]
[EventCountry "USA"]
[SourceTitle "EXT 2021"]
[Source "ChessBase"]
[SourceDate "2020.10.23"]
[SourceVersion "1"]
[SourceVersionDate "2020.10.23"]
[SourceQuality "1"]

1. d4 Nf6 2. c4 e6 3. g3 d5 4. Bg2 Be7 5. Nf3 0-0 6. 0-0 dxc4 7. Qa4 a6 8. Qxc4 b5 9. Qc2 Bb7 10. Bg5 Be4 11. Qc1 Nbd7 12. Nbd2 Bd5 13. Nb3 Rc8 14. Nc5 Nxc5 15. dxc5 c6 16. a4 h6 17. Bf4 Ra8 18. Rd1 Qa5 19. Nd4 bxa4 20. Nxc6 Bxc6 21. Bxc6 Rac8 22. Rxa4 Qxc5 23. Qxc5 Bxc5 24. Rxa6 Ng4 25. e3 e5 26. Bd7 Rcd8 27. Bxg4 Rxd1+ 28. Bxd1 exf4 29. gxf4 Rb8 30. b3 Bb4 31. Kg2 g6 32. Be2 Kg7 33. Bc4 Rb7 34. e4 g5 35. fxg5 hxg5 36. Kf3 Rd7 37. Kg4 f6 38. f3 Bc5 39. e5 fxe5 40. Kxg5 Be3+ 41. Kf5 Bf4 42. Rg6+ Kh7 43. Rg4 Rd8 44. Kf6 Rf8+ 45. Bf7 Rb8 46. Rh4+ Bh6 47. Bg6+ Kg8 48. Rxh6 Rb6+ 49. Kg5 Rxb3 50. Be4 Rb2 51. Kf5 Kg7 52. Rh5 Ra2 53. Kxe5 Ra5+ 54. Bd5 Kg6 55. Rh3 Kg5 56. f4+ Kg4 57. Rg3+ Kh4 58. Rg8 Ra7 59. f5 Kh5 60. f6 Kh6 61. f7 Re7+ 62. Kf6 1-0

[Event "Titled Tuesday intern op 3rd April"]
[Site "Chess.com INT"]
[Date "2018.04.03"]
[Round "5"]
[White "Radzhabov, Rodion"]
[Black "Szabo, Bence"]
[Result "1-0"]
[WhiteElo "2302"]
[BlackElo "2361"]
[PlyCount "51"]
[EventDate "2018.04.03"]
[EventType "swiss (blitz)"]
[EventRounds "10"]
[EventCountry "USA"]
[SourceTitle "EXT 2021"]
[Source "ChessBase"]
[SourceDate "2020.10.23"]
[SourceVersion "1"]
[SourceVersionDate "2020.10.23"]
[SourceQuality "1"]

1. e4 c5 2. Nf3 Nc6 3. Bb5 g6 4. Bxc6 dxc6 5. d3 Bg7 6. h3 e5 7. Be3 Qe7 8. Qd2 Nf6 9. Nc3 Nd7 10. Ne2 Nf8 11. Bh6 f6 12. Bxg7 Qxg7 13. c3 Ne6 14. d4 cxd4 15. cxd4 exd4 16. Nexd4 0-0 17. 0-0 Bd7 18. Rad1 Nc5 19. Rfe1 Rad8 20. Qc3 Ne6 21. e5 fxe5 22. Nxe5 Qf6 23. Ng4 Qf4 24. Nxe6 Bxe6 25. Rxd8 Rxd8 26. Rxe6 1-0

[Event "HUN-chT 1718"]
[Site "Hungary"]
[Date "2018.03.04"]
[Round "7.4"]
[White "Szabo, Bence"]
[Black "Hujbert, Florian"]
[Result "1/2-1/2"]
[WhiteElo "2369"]
[BlackElo "2444"]
[PlyCount "74"]
[EventDate "2017.11.25"]
[EventType "team-tourn"]
[EventRounds "9"]
[EventCountry "HUN"]
[SourceTitle "EXT 2019"]
[Source "ChessBase"]
[SourceDate "2018.10.10"]
[SourceVersion "1"]
[SourceVersionDate "2018.10.10"]
[SourceQuality "1"]
[WhiteTeam "Kobanya Aquarena"]
[BlackTeam "Penzugyor"]
[WhiteTeamCountry "HUN"]
[BlackTeamCountry "HUN"]

1. Nf3 g6 2. g3 b6 3. Bg2 Bb7 4. 0-0 Bg7 5. c4 Nf6 6. d4 e6 7. Nc3 Ne4 8. Nxe4 Bxe4 9. Bg5 f6 10. Be3 0-0 11. Qd2 Nc6 12. Rfd1 Ne7 13. Bh6 a5 14. Bxg7 Kxg7 15. Ne1 Bxg2 16. Nxg2 g5 17. Rac1 Ng6 18. d5 e5 19. c5 d6 20. cxb6 cxb6 21. e4 Ne7 22. Ne3 Qd7 23. Rc4 Rac8 24. Rdc1 Rxc4 25. Nxc4 Rb8 26. Qe3 Nc8 27. Rc3 Rb7 28. Qc1 Rc7 29. Ne3 Rxc3 30. Qxc3 Ne7 31. b4 axb4 32. Qxb4 b5 33. Kg2 h5 34. h3 Kf7 35. Qb1 Kg7 36. Qb4 Kf7 37. Qb1 Kg7 1/2-1/2

[Event "HUN-chT 1718"]
[Site "Hungary"]
[Date "2017.12.03"]
[Round "3.7"]
[White "Szabo, Bence"]
[Black "Terbe, Zsuzsanna"]
[Result "0-1"]
[WhiteElo "2369"]
[BlackElo "2170"]
[PlyCount "88"]
[EventDate "2017.11.25"]
[EventType "team-tourn"]
[EventRounds "9"]
[EventCountry "HUN"]
[SourceTitle "EXT 2019"]
[Source "ChessBase"]
[SourceDate "2018.10.10"]
[SourceVersion "1"]
[SourceVersionDate "2018.10.10"]
[SourceQuality "1"]
[WhiteTeam "Kobanya Aquarena"]
[BlackTeam "Budapest MTK"]
[WhiteTeamCountry "HUN"]
[BlackTeamCountry "HUN"]

1. Nf3 d5 2. c4 c6 3. e3 Nf6 4. Nc3 Bg4 5. Qb3 Qb6 6. Ne5 Be6 7. d4 g6 8. Bd3 Bg7 9. 0-0 0-0 10. Qa3 dxc4 11. Nxc4 Qc7 12. Bd2 Re8 13. Rfc1 Nbd7 14. Na5 Nb6 15. h3 Qd7 16. Ne2 Bd5 17. Nb3 Bxb3 18. Qxb3 e5 19. Be1 exd4 20. Nxd4 Nfd5 21. Bf1 Qe7 22. Nf3 a5 23. a4 Nb4 24. Rab1 Qe6 25. Qxe6 Rxe6 26. b3 Rd6 27. Rc5 Rd5 28. Rxd5 N6xd5 29. Rd1 Bf6 30. g4 h6 31. Rc1 Bb2 32. Rc4 b5 33. Rc5 bxa4 34. bxa4 Nb6 35. Bxb4 axb4 36. a5 Na4 37. Rxc6 Rxa5 38. Bc4 Rc5 39. Rxg6+ Bg7 40. Ra6 Rxc4 41. Rxa4 Rc1+ 42. Kg2 b3 43. Nd2 b2 44. Rb4 Rd1 0-1

[Event "SVK-chT1E 1718"]
[Site "Slovakia"]
[Date "2017.10.21"]
[Round "1.1"]
[White "Szabo, Bence"]
[Black "Zambor, Norbert"]
[Result "1/2-1/2"]
[WhiteElo "2369"]
[BlackElo "2284"]
[PlyCount "94"]
[EventDate "2017.10.21"]
[EventType "team-tourn"]
[EventRounds "11"]
[EventCountry "SVK"]
[SourceTitle "CBM 181 Extra"]
[Source "ChessBase"]
[SourceDate "2017.12.12"]
[SourceVersion "1"]
[SourceVersionDate "2017.12.12"]
[SourceQuality "1"]
[WhiteTeam "Cebovce"]
[BlackTeam "Margecany OSK"]
[WhiteTeamCountry "SVK"]
[BlackTeamCountry "SVK"]

1. Nf3 c5 2. c4 Nc6 3. Nc3 e5 4. e3 Nf6 5. Be2 Be7 6. d4 d6 7. d5 Nb8 8. e4 0-0 9. 0-0 Ne8 10. Ne1 Bg5 11. Nd3 Nd7 12. a3 g6 13. Bxg5 Qxg5 14. Qc1 Qxc1 15. Raxc1 b6 16. g3 Nc7 17. b4 Re8 18. Nb5 Nxb5 19. cxb5 f5 20. Nb2 Nf6 21. Nc4 Rd8 22. bxc5 bxc5 23. exf5 gxf5 24. Rfd1 a5 25. a4 Kf7 26. Bf1 Ke7 27. Bh3 Ng4 28. Bxg4 fxg4 29. Ne3 Rf8 30. Rc4 h5 31. Kg2 Bd7 32. Rf1 Bf5 33. Rd1 Bd7 34. Rd2 Bc8 35. Rc1 Bb7 36. h3 gxh3+ 37. Kxh3 Rh8 38. Rc4 Raf8 39. Rh4 Bc8+ 40. Kg2 Bd7 41. Nc4 Bg4 42. Nxa5 Rf3 43. Nc4 Ra8 44. Ra2 Rb3 45. Ne3 Rxb5 46. Nxg4 hxg4 47. Rxg4 Rb4 1/2-1/2

[Event "HUN-chT 1617"]
[Site "Hungary"]
[Date "2017.04.09"]
[Round "9.5"]
[White "Fodor, Tamas Jr"]
[Black "Szabo, Bence"]
[Result "1-0"]
[WhiteElo "2493"]
[BlackElo "2383"]
[PlyCount "103"]
[EventDate "2016.10.30"]
[EventType "team-tourn"]
[EventRounds "9"]
[EventCountry "HUN"]
[SourceTitle "EXT 2018"]
[Source "ChessBase"]
[SourceDate "2017.10.13"]
[SourceVersion "1"]
[SourceVersionDate "2017.10.13"]
[SourceQuality "1"]
[WhiteTeam "Paks"]
[BlackTeam "Kobanya Aquarena"]
[WhiteTeamCountry "HUN"]
[BlackTeamCountry "HUN"]

1. c4 c5 2. Nf3 Nf6 3. Nc3 Nc6 4. g3 d5 5. d4 e6 6. cxd5 Nxd5 7. Bg2 Nb6 8. e3 Be7 9. 0-0 0-0 10. Ne4 cxd4 11. exd4 Nd5 12. Ne5 Qb6 13. h4 Qc7 14. Nf3 Rd8 15. Bd2 Nf6 16. Qc2 h6 17. Rac1 Qb6 18. Bc3 Nb4 19. Nxf6+ Bxf6 20. Qa4 a5 21. Qb3 Nd5 22. Qxb6 Nxb6 23. Ne5 Nd5 24. Nc4 Ra6 25. Bxa5 b6 26. Bc3 Nxc3 27. bxc3 b5 28. Ne3 Rxa2 29. Ra1 Rxa1 30. Rxa1 Bd7 31. Ra7 b4 32. cxb4 Bxd4 33. Rb7 Kf8 34. b5 Bc8 35. Rb8 Ke7 36. Nc4 e5 37. Na5 Bd7 38. Rb7 Kd6 39. b6 Be6 40. Rc7 Bd5 41. Bxd5 Kxd5 42. b7 Rb8 43. Rd7+ Kc5 44. Rxf7 g5 45. h5 Kb5 46. Nb3 Kc4 47. Nd2+ Kd3 48. Nf1 e4 49. Kg2 Re8 50. Rd7 Kc4 51. Rc7+ Kb5 52. Rc8 1-0